000 00710nam a2200241 i 4500
001 C2-0275229
003 PPAK
005 20180728004053.0
008 061016s2005 nyu |||| ||||| | eng d
020 _a0060766905
040 _aPPAK
_beng
_cPPAK
_erda
082 0 4 _a823.912
_223
090 0 0 _a823.912
_bJAC
_dLCK
100 1 _aJacobs, Alan,
_eauthor
245 1 4 _aThe narnian :
_bthe life and imagination of C.S. Lewis
264 1 _aNew York :
_bHarperCollins Publishers ,
_c2005
300 _a342 pages ;
_c24 cm
336 _2rdacontent
_atext
337 _2rdamedia
_aunmediated
338 _2rdacarrier
_avolume
650 1 0 _aChristian literature, English - History and criticism.
942 _ddc
_cB
999 _c82916
_d82916